000 00335nam a22001457a 4500
020 _a81-89999-10-9
082 _a823
_bPAI/F
100 _aPAI, ANANT
245 _aFRIENDS AND FOES
260 _aMUMBAI
_bAMAR CHITHRA KATHA
300 _a30
520 _aENGLISH SHORT STORIES
650 _aENGLISH SHORT STORIES
_zMUMBAI
942 _cBK
999 _c5217
_d5217